00652nam a2200181 a 4500003000900000005001700009007000300026008004100029040002500070082001400095245012800109246005600237260002800293300002800321650004800349650003600397700003700433DO-SdBNP20230830153419.0ta220718e1968 dr a|||gr|||| 001 0 spa d aDO-SdBNPbspacBNPHU 4222bF962m10aLa matemática en la vida diaria :b6to. grado /cAndrés Arístides Fulcar Berigüete, Luis Humberto Monsanto Pérez aLa matemática en la vida diaria :bsesto. grado / aEspaña :bS. M.c1968 a291 p. :bil. ;c21 cm. 4aMatemáticasxEnseñanzaxLibros de Texto 4aMatemáticasxLibros de textos1 aMonsanto Pérez, Luis Humberto